Dependence of the torque-rotor position characteristic from the tape winding current; Przeglad Elektrotechniczny; Vol. 95, iss. 9

Detaylı Bibliyografya
Parent link:Przeglad Elektrotechniczny
Vol. 95, iss. 9.— 2019.— [P. 71-75]
Yazar: Borikov V. N. Valery Nikolaevich
Müşterek Yazar: Национальный исследовательский Томский политехнический университет Инженерная школа неразрушающего контроля и безопасности Отделение электронной инженерии
Diğer Yazarlar: Martemjyanov V. M. Vladimir Mikhaylovich, Dolgikh A. G. Antonina Gennadievna
Özet:Title screen
The article presents the results of numerical simulation of the motor torque with a new active element in the form of a spiral wound tape. The calculation results were compared with the experimental results based on the engine model.
Режим доступа: по договору с организацией-держателем ресурса
Dil:İngilizce
Baskı/Yayın Bilgisi: 2019
Konular:
Online Erişim:http://dx.doi.org/10.15199/48.2019.09.14
Materyal Türü: Elektronik Kitap Bölümü
KOHA link:https://koha.lib.tpu.ru/cgi-bin/koha/opac-detail.pl?biblionumber=663236

MARC

LEADER 00000naa0a2200000 4500
001 663236
005 20250425143321.0
035 |a (RuTPU)RU\TPU\network\34405 
090 |a 663236 
100 |a 20210202d2019 k||y0rusy50 ba 
101 0 |a eng 
135 |a drcn ---uucaa 
181 0 |a i  
182 0 |a b 
200 1 |a Dependence of the torque-rotor position characteristic from the tape winding current  |f V. N. Borikov, V. M. Martemjyanov, A. G. Dolgikh 
203 |a Text  |c electronic 
300 |a Title screen 
320 |a [References.: 18 tit.] 
330 |a The article presents the results of numerical simulation of the motor torque with a new active element in the form of a spiral wound tape. The calculation results were compared with the experimental results based on the engine model. 
333 |a Режим доступа: по договору с организацией-держателем ресурса 
461 |t Przeglad Elektrotechniczny 
463 |t Vol. 95, iss. 9  |v [P. 71-75]  |d 2019 
610 1 |a электронный ресурс 
610 1 |a труды учёных ТПУ 
610 1 |a torque motor 
610 1 |a tape winding 
610 1 |a torque-rotor position characteristic curve 
610 1 |a experimental model 
610 1 |a magnetic field 
610 1 |a моментные двигатели 
610 1 |a намотки 
610 1 |a крутящий момент 
610 1 |a экспериментальные модели 
610 1 |a магнитное поле 
700 1 |a Borikov  |b V. N.  |c specialist in the field of mechanical engineering  |c Associate Professor of Tomsk Polytechnic University, Candidate of technical sciences  |f 1963-  |g Valery Nikolaevich  |3 (RuTPU)RU\TPU\pers\31240  |9 15435 
701 1 |a Martemjyanov  |b V. M.  |g Vladimir Mikhaylovich 
701 1 |a Dolgikh  |b A. G.  |c specialist in the field of instrument engineering  |c engineer of Tomsk Polytechnic University  |f 1989-  |g Antonina Gennadievna  |3 (RuTPU)RU\TPU\pers\36869  |9 19898 
712 0 2 |a Национальный исследовательский Томский политехнический университет  |b Инженерная школа неразрушающего контроля и безопасности  |b Отделение электронной инженерии  |3 (RuTPU)RU\TPU\col\23507 
801 2 |a RU  |b 63413507  |c 20210202  |g RCR 
850 |a 63413507 
856 4 |u http://dx.doi.org/10.15199/48.2019.09.14 
942 |c CF